000 00716nam a2200241 a 4500
005 20180803165344.0
008 160419b xxu||||| |||| 00| 0 spa d
040 _aCO-BoIAVH
_cCO-BoIAVH
041 _aspa
090 _aFG
_b-0046
100 1 _aFranco Bautista, Pedro Nel
_966107
245 1 _aSelección y descarte de plantas anormales de palma de aceite en viveros
260 _aBogotá
_bCenipalma
_c2002
300 _a16 Paginas
650 1 4 _aViveros
_992504
650 1 4 _aManejo de Plantas
_966109
650 1 4 _aIdentificación Plantas
_966110
710 _aSociedad de Agricultores de Colombia
_957326
710 _aSena
_966111
710 _aFonade
_966112
942 _cFolleto
_2z
945 _d2008-05-19
999 _c6282
_d6282